50 States 1 Minture - Statistics

General Stats
  • This quiz has been taken 96 times
  • The average score is 16 of 50
Answer Stats
Answer % Correct
1 Alabama
70%
2 Alaska
65%
9 Florida
60%
10 Georgia
56%
11 Hawaii
51%
47 Washington
51%
32 New York
49%
3 Arizona
47%
12 Idaho
46%
15 Iowa
42%
37 Oregon
42%
43 Texas
42%
13 Illinois
40%
4 Arkansas
39%
14 Indiana
39%
30 New Jersey
37%
34 North Dakota
37%
35 Ohio
37%
44 Utah
37%
19 Maine
35%
33 North Carolina
35%
40 South Carolina
35%
41 South Dakota
35%
6 Colorado
33%
22 Michigan
33%
16 Kansas
32%
24 Mississippi
32%
28 Nevada
32%
31 New Mexico
30%
26 Montana
28%
29 New Hampshire
26%
46 Virginia
26%
8 Delaware
25%
17 Kentucky
25%
36 Oklahoma
25%
48 West Virginia
25%
23 Minnesota
23%
45 Vermont
23%
20 Maryland
21%
50 Wyoming
21%
27 Nebraska
19%
18 Louisiana
18%
25 Missouri
18%
38 Pennsylvania
18%
7 Connecticut
16%
21 Massachusetts
14%
42 Tennessee
14%
49 Wisconsin
14%
39 Rhode Island
11%
5 Californa
4%
No matching quizzes found
Score Distribution
Percent of People with Each Score
Percentile by Number Answered
Your Score History
You have not taken this quiz